logo

Bir Sreshtho Munshi Abdur Rouf Library
Jhenaidah Cadet College

Rhetoric for exposition / (Record no. 8751)

MARC details
000 -LEADER
fixed length control field 00729nam a2200241 a 4500
001 - CONTROL NUMBER
JCCL Control Number 8751
003 - CONTROL NUMBER IDENTIFIER
JCCL marc code BD-JhCC
005 - DATE AND TIME OF LATEST TRANSACTION
control field 20180919122711.0
008 - FIXED-LENGTH DATA ELEMENTS--GENERAL INFORMATION
fixed length control field 180303s1961 nyu 000 0 eng d
035 ## - SYSTEM CONTROL NUMBER
system control number (BD-JhCC)8751
040 ## - CATALOGING SOURCE
Original cataloging agency BD-JhCC
Transcribing agency CarP
Modifying agency BD-JhCC
041 ## - LANGUAGE CODE
Language code of Book eng
050 00 - LIBRARY OF CONGRESS CALL NUMBER
Classification number PE1417
Item number .C55
082 ## - DEWEY DECIMAL CLASSIFICATION NUMBER
Author mark and Year CHI 1961
Classification number 808
100 1# - MAIN ENTRY--PERSONAL NAME
Personal name Chittick, Roger D. [from old catalog]
245 10 - TITLE STATEMENT
Title Rhetoric for exposition /
Statement of responsibility, etc Roger D. Chittick, Robert David Stevick,
260 ## - PUBLICATION, DISTRIBUTION, ETC. (IMPRINT)
Place of publication, distribution, etc New York,
Name of publisher, distributor, etc Appleton-Century-Crofts
Date of publication, distribution, etc [1961]
300 ## - PHYSICAL DESCRIPTION
Pagination 208 p.
Other physical details illus.
Dimensions 22 cm.
650 #0 - SUBJECT ADDED ENTRY--TOPICAL TERM
Topical term or geographic name as entry element English language
General subdivision Rhetoric.
700 1# - ADDED ENTRY--PERSONAL NAME
Personal name Stevick, Robert David,
Dates associated with a name 1928- [from old catalog]
942 ## - ADDED ENTRY ELEMENTS (KOHA)
Source of classification or shelving scheme Dewey Decimal Classification
Koha item type Books
Holdings
Source of classification or shelving scheme Damaged status Not for loan Home library Current library Shelving location Total Checkouts Full call number Barcode Date last seen Copy number Koha item type
Dewey Decimal Classification     JCC Rouf Library JCC Rouf Library General Stacks   808 CHI 1961 11550 03/03/2018 C - 1 Books

JCC Library | Contacts | JCC Home

Last Update on 23 September 2017
Copyright @ 2017-2020 JCC Rouf Library
Rouf Library, Jhenidah Cadet College (JCC), Bangladesh